[Event "SVK-chT 2324"]
[Site "Slovakia"]
[Date "2023.12.09"]
[Round "3.4"]
[White "Babula, Vlastimil1"]
[Black "Mikrut, Dariusz"]
[Result "1/2-1/2"]
[WhiteElo "2309"]
[BlackElo "2320"]
[PlyCount "116"]
[EventDate "2023.11.04"]
[EventType "team-tourn"]
[EventRounds "11"]
[EventCountry "SVK"]
[SourceTitle "CB04_2024"]
[SourceDate "2023.10.16"]
[SourceVersion "1"]
[SourceVersionDate "2023.10.16"]
[SourceQuality "1"]
[WhiteTeam "Osuske"]
[BlackTeam "Liptov Chess School"]
[WhiteTeamCountry "SVK"]
[BlackTeamCountry "SVK"]

1. e4 c5 2. Nf3 d6 3. d4 cxd4 4. Nxd4 Nf6 5. Nc3 a6 6. h3 e5 7. Nde2 b5 8. g4 b4 9. Nd5 Nxd5 10. exd5 Be7 11. Be3 Bg5 12. Ng3 Bxe3 13. fxe3 0-0 14. Qf3 Nd7 15. Bd3 Nc5 16. 0-0-0 a5 17. h4 a4 18. Kb1 b3 19. Ne4 bxa2+ 20. Ka1 Bxg4 21. Qxg4 f5 22. Qg5 fxe4 23. Qxd8 Raxd8 24. Be2 Rf2 25. Rde1 Ra8 26. Rhf1 Rxf1 27. Bxf1 g6 28. Kxa2 Kg7 29. Ka3 Rb8 30. Bc4 Kh6 31. Rh1 Kg7 32. b4 axb3 33. cxb3 Nd3 34. Ka4 Nc5+ 35. Ka3 Nd3 36. Ka4 Nb2+ 37. Ka3 Nxc4+ 38. bxc4 Kf6 39. Rf1+ Ke7 40. Rg1 Kf6 41. Ka4 Rb2 42. Rf1+ Ke7 43. Rg1 Rb8 44. Rg4 Kf6 45. Rg1 h6 46. Rf1+ Ke7 47. Rg1 Rg8 48. Kb4 g5 49. hxg5 hxg5 50. c5 dxc5+ 51. Kxc5 Rc8+ 52. Kb4 Kd6 53. Rxg5 Kxd5 54. Kb3 Rc1 55. Rg6 Re1 56. Rg3 Rc1 57. Rg6 Rc8 58. Rh6 Rc1 1/2-1/2

[Event "POL-chT Ekstraliga"]
[Site "Lublin"]
[Date "2023.09.21"]
[Round "4.3"]
[White "Kosakowski, Jakub"]
[Black "Mikrut, Dariusz"]
[Result "1/2-1/2"]
[WhiteElo "2494"]
[BlackElo "2312"]
[PlyCount "83"]
[EventDate "2023.09.18"]
[EventType "team-tourn"]
[EventRounds "9"]
[EventCountry "POL"]
[SourceTitle "EXT 2024"]
[Source "ChessBase"]
[SourceDate "2023.10.10"]
[SourceVersion "1"]
[SourceVersionDate "2023.10.10"]
[SourceQuality "1"]
[WhiteTeam "Dabrowa Gornicza Zaglebie"]
[BlackTeam "Krakow Dwie Wieze"]
[WhiteTeamCountry "POL"]
[BlackTeamCountry "POL"]

1. e4 e5 2. Nf3 Nc6 3. g3 Bc5 4. Bg2 d6 5. c3 Nf6 6. d3 a5 7. a4 h6 8. 0-0 0-0 9. Na3 Re8 10. Re1 Bg4 11. h3 Bh5 12. Nc4 Ba7 13. Ne3 Bxe3 14. Bxe3 d5 15. exd5 Nxd5 16. Qb3 Rb8 17. Nd2 Nf6 18. Nc4 Bg6 19. Rad1 Bxd3 20. Ba7 e4 21. Bxb8 Qxb8 22. Re3 Qc8 23. Rde1 Rd8 24. Nd2 Ne5 25. f4 Ned7 26. Qa3 Nb6 27. c4 Nxc4 28. Nxc4 Bxc4 29. Qc3 Bd3 30. Qxa5 b6 31. Qe5 Re8 32. Qc3 Rd8 33. Qb3 c5 34. Rc1 Qc7 35. Kh2 Rd4 36. Ree1 Qd6 37. a5 bxa5 38. Qa3 c4 39. Qxa5 Rd5 40. Qa8+ Kh7 41. Qa7 Rb5 42. Qxf7 1/2-1/2

[Event "POL Superleague Rapid"]
[Site "Poland"]
[Date "2023.05.09"]
[Round "6.3"]
[White "Mikrut, Dariusz"]
[Black "Kosakowski, Jakub"]
[Result "0-1"]
[WhiteElo "2338"]
[BlackElo "2485"]
[PlyCount "82"]
[EventDate "2023.04.04"]
[EventType "team-tourn (rapid)"]
[EventRounds "14"]
[EventCountry "POL"]
[SourceTitle "EXT 2024"]
[Source "ChessBase"]
[SourceDate "2023.10.10"]
[SourceVersion "1"]
[SourceVersionDate "2023.10.10"]
[SourceQuality "1"]
[WhiteTeam "Krakow Dwie Wieze"]
[BlackTeam "Pegow Wieza"]
[WhiteTeamCountry "POL"]
[BlackTeamCountry "POL"]

1. d4 Nf6 2. c4 e6 3. Nf3 d5 4. Bg5 dxc4 5. e4 b5 6. a4 c6 7. Nc3 Bb4 8. Be2 h6 9. Bxf6 Qxf6 10. 0-0 Bxc3 11. bxc3 Nd7 12. d5 cxd5 13. exd5 0-0 14. dxe6 fxe6 15. axb5 Nb6 16. Qd4 Qf5 17. Qe3 Nd5 18. Qe5 Nf4 19. Rfe1 Qg4 20. g3 Nh3+ 21. Kf1 Bb7 22. Qd4 Bxf3 23. Qxg4 Bxg4 24. f4 Bxe2+ 25. Rxe2 Ng5 26. Kg2 Nf7 27. Rxe6 Rfd8 28. Rc6 Rab8 29. Rxa7 Rxb5 30. Rcc7 Rf8 31. Rxc4 Rb2+ 32. Kh3 h5 33. Rc6 Re8 34. Ra1 Ree2 35. Rh1 Kh7 36. Rc5 Kh6 37. g4 hxg4+ 38. Kxg4 g6 39. h4 Nd6 40. h5 Rg2+ 41. Kh3 Nf5 0-1

[Event "Roquetas de Mar op 34th"]
[Site "Roquetas de Mar"]
[Date "2023.01.06"]
[Round "6"]
[White "Mikrut, Dariusz"]
[Black "Sousa, Andre Ventura"]
[Result "1-0"]
[WhiteElo "2317"]
[BlackElo "2465"]
[PlyCount "159"]
[EventDate "2023.01.03"]
[EventType "swiss"]
[EventRounds "9"]
[EventCountry "ESP"]
[SourceTitle "CBM 212 Extra"]
[Source "ChessBase"]
[SourceDate "2023.03.31"]
[SourceVersion "1"]
[SourceVersionDate "2023.03.31"]
[SourceQuality "1"]

1. d4 Nf6 2. c4 d6 3. Nc3 Nbd7 4. e4 e5 5. Nf3 g6 6. Be2 Bg7 7. 0-0 0-0 8. Re1 Qe7 9. Bf1 a6 10. Rb1 exd4 11. Nxd4 Ne5 12. Bg5 Qd7 13. f3 Nc6 14. Nc2 h6 15. Be3 Kh7 16. Qd2 Qd8 17. Rbd1 Be6 18. Nd4 Nd7 19. b3 Rc8 20. Nce2 Nxd4 21. Nxd4 Qf6 22. Rc1 Rfd8 23. Bf2 Ne5 24. Be2 c5 25. Nc2 Nc6 26. Red1 Qb2 27. Ne3 Nb4 28. Qxb2 Bxb2 29. Rb1 Bd4 30. a3 Na2 31. Rd2 Nc3 32. Rc1 b5 33. Bf1 Be5 34. g3 b4 35. a4 Bd4 36. Nd1 Bg7 37. Ne3 Kg8 38. Re1 Kf8 39. Ng2 Ke7 40. Nf4 a5 41. h4 Rg8 42. Bh3 g5 43. Bxe6 fxe6 44. Ng6+ Kd7 45. h5 Rc7 46. Rd3 Kc6 47. Kg2 Re8 48. f4 gxf4 49. gxf4 Rf7 50. Rf3 Bd4 51. Bg3 Kd7 52. Rd3 Kc6 53. Bf2 Bxf2 54. Kxf2 Kc7 55. Kf3 Rd8 56. Rc1 Re8 57. Rc2 Kc6 58. Rcd2 Rd8 59. Rxd6+ Rxd6 60. Ne5+ Kc7 61. Rxd6 Rxf4+ 62. Kxf4 Kxd6 63. Nf7+ Ke7 64. Nxh6 Nxa4 65. Ng4 Nb6 66. h6 Kf8 67. Ne5 a4 68. Kg5 Nc8 69. bxa4 b3 70. Nd3 Nd6 71. Kg6 Kg8 72. Nb2 Nxe4 73. a5 Nd6 74. Kf6 Kh7 75. Kxe6 Ne8 76. Kd7 Nf6+ 77. Kc6 Ng4 78. a6 Ne5+ 79. Kb7 Nd3 80. Nxd3 1-0

[Event "CZE-chT1E 2223"]
[Site "Czech Republic"]
[Date "2022.12.11"]
[Round "5.4"]
[White "Pilch, Roman"]
[Black "Mikrut, Dariusz"]
[Result "0-1"]
[WhiteElo "2164"]
[BlackElo "2316"]
[PlyCount "74"]
[EventDate "2022.10.08"]
[EventType "team-tourn"]
[EventRounds "11"]
[EventCountry "CZE"]
[SourceTitle "CBM 213 Extra"]
[Source "ChessBase"]
[SourceDate "2023.05.31"]
[SourceVersion "1"]
[SourceVersionDate "2023.05.31"]
[SourceQuality "1"]
[WhiteTeam "Trinec"]
[BlackTeam "Vlcnov"]
[WhiteTeamCountry "CZE"]
[BlackTeamCountry "CZE"]

1. Nf3 Nf6 2. c4 g6 3. Nc3 Bg7 4. e4 d6 5. d4 0-0 6. Be2 Nbd7 7. b3 e5 8. d5 Nc5 9. Nd2 Bh6 10. Qc2 a5 11. h4 Bg4 12. Bxg4 Nxg4 13. h5 Qf6 14. Nf3 Bxc1 15. Rxc1 Qf4 16. Ke2 g5 17. g3 Qf6 18. Rcf1 h6 19. Ne1 Qd8 20. f3 Nf6 21. g4 c6 22. Ng2 cxd5 23. Nxd5 Ne6 24. Nxf6+ Qxf6 25. Kf2 a4 26. b4 Qxf3+ 27. Kxf3 Nd4+ 28. Kg3 Nxc2 29. Rf6 Rac8 30. Rc1 Rxc4 31. Rxd6 Kg7 32. Rb6 Rd8 33. Ne1 Rc3+ 34. Kf2 Rd2+ 35. Kg1 Rg3+ 36. Kh1 Nd4 37. Rxb7 Rh3+ 0-1

[Event "Bratislava Slovakia op"]
[Site "Bratislava"]
[Date "2022.10.02"]
[Round "9"]
[White "Korobov, Anton"]
[Black "Mikrut, Dariusz"]
[Result "1-0"]
[WhiteElo "2672"]
[BlackElo "2316"]
[PlyCount "117"]
[EventDate "2022.09.30"]
[EventType "swiss (rapid)"]
[EventRounds "9"]
[EventCountry "SVK"]
[SourceTitle "CBM 210 Extra"]
[Source "ChessBase"]
[SourceDate "2022.11.30"]
[SourceVersion "1"]
[SourceVersionDate "2022.11.30"]
[SourceQuality "1"]

1. d4 Nf6 2. c4 g6 3. Nc3 Bg7 4. e4 d6 5. Be2 0-0 6. Nf3 e5 7. 0-0 Nbd7 8. Qc2 c6 9. Rd1 Qe7 10. d5 c5 11. Rb1 h6 12. g3 Nh7 13. Nh4 h5 14. a3 Bf6 15. Ng2 Ng5 16. Be3 Nh3+ 17. Kh1 Bg5 18. f4 exf4 19. gxf4 Bh6 20. b4 b6 21. Rf1 Nf6 22. bxc5 bxc5 23. e5 dxe5 24. fxe5 Bxe3 25. exf6 Qe5 26. Nxe3 Qxe3 27. Qc1 Qxc1 28. Rbxc1 Re8 29. Rfe1 Bf5 30. Bf1 Nf2+ 31. Kg1 Ng4 32. Na4 Ne5 33. Kf2 Nd7 34. Re7 Rec8 35. Bd3 Nxf6 36. Bxf5 gxf5 37. Kf3 Ne4 38. Nc3 Kf8 39. Re5 Nd6 40. Nb5 Nxb5 41. cxb5 Rab8 42. a4 a6 43. bxa6 Rb6 44. Rxf5 Rxa6 45. Rxh5 Rc7 46. Rc4 Rb7 47. Rh8+ Kg7 48. Rc8 Rf6+ 49. Ke3 Rb3+ 50. Ke4 Rh6 51. R8xc5 Rxh2 52. Ke5 Rb6 53. Rc6 Rb8 54. Rc8 Rh5+ 55. Kd6 Rb1 56. a5 Ra1 57. R8c5 Rd1 58. Kc7 Rdxd5 59. Rb5 1-0

[Event "Warsaw Maciei Memorial"]
[Site "Warsaw"]
[Date "2022.07.08"]
[Round "6"]
[White "Vanduyfhuys, Daria"]
[Black "Mikrut, Dariusz"]
[Result "0-1"]
[WhiteElo "2094"]
[BlackElo "2327"]
[PlyCount "88"]
[EventDate "2022.07.08"]
[EventType "swiss (blitz)"]
[EventRounds "11"]
[EventCountry "POL"]
[SourceTitle "CBM 209 Extra"]
[Source "ChessBase"]
[SourceDate "2022.09.30"]
[SourceVersion "1"]
[SourceVersionDate "2022.09.30"]
[SourceQuality "1"]

1. d4 Nf6 2. c4 g6 3. Nc3 Bg7 4. e4 d6 5. Nf3 0-0 6. Be2 Nbd7 7. 0-0 e5 8. d5 Nc5 9. Qc2 a5 10. Ne1 Bg4 11. Bxg4 Nxg4 12. f3 Nf6 13. Nd3 Nfd7 14. Nxc5 Nxc5 15. Be3 b6 16. b3 f5 17. a3 fxe4 18. fxe4 a4 19. b4 Nb3 20. Rad1 Nd4 21. Qd3 Qh4 22. Bf2 Qe7 23. Ne2 Nxe2+ 24. Qxe2 Bh6 25. Be3 Bxe3+ 26. Qxe3 Kg7 27. Rc1 Rxf1+ 28. Rxf1 Rf8 29. Rxf8 Qxf8 30. Qf3 Qf4 31. Kf2 Qd2+ 32. Kg3 h5 33. h3 Qc2 34. Qf1 Qxe4 35. Kh2 Qf4+ 36. Qxf4 exf4 37. g3 fxg3+ 38. Kxg3 g5 39. Kf3 Kf6 40. Ke4 Kg6 41. Kd4 Kf5 42. c5 b5 43. cxd6 cxd6 44. Ke3 g4 0-1

[Event "Krakow op-A"]
[Site "Krakow"]
[Date "2022.06.29"]
[Round "6"]
[White "Sieber, Fiona"]
[Black "Mikrut, Dariusz"]
[Result "1/2-1/2"]
[WhiteElo "2265"]
[BlackElo "2349"]
[PlyCount "85"]
[EventDate "2022.06.25"]
[EventType "swiss"]
[EventRounds "9"]
[EventCountry "POL"]
[SourceTitle "CBM 209 Extra"]
[Source "ChessBase"]
[SourceDate "2022.09.30"]
[SourceVersion "1"]
[SourceVersionDate "2022.09.30"]
[SourceQuality "1"]

1. e4 c5 2. Nf3 a6 3. c4 e6 4. Nc3 Qc7 5. Be2 Nc6 6. 0-0 Nf6 7. d4 cxd4 8. Nxd4 Bb4 9. Nxc6 dxc6 10. Qb3 Bd6 11. f4 e5 12. f5 Bc5+ 13. Kh1 Bd4 14. Bf3 b6 15. Bg5 h6 16. Bh4 Bb7 17. Qc2 0-0-0 18. Rae1 Rd6 19. Ne2 c5 20. Ng3 Nh7 21. Nh5 f6 22. Re2 Ng5 23. Be1 Qf7 24. Ng3 h5 25. h4 Nxf3 26. gxf3 Kb8 27. Bd2 Bc8 28. Rg2 Rg8 29. Ne2 Qd7 30. Nxd4 Rxd4 31. Bc3 Rd3 32. Rd2 Rd8 33. Rxd3 Qxd3 34. Qxd3 Rxd3 35. Kg2 b5 36. Kf2 bxc4 37. Rg1 Rd7 38. Ke3 Bb7 39. Ba5 Bc6 40. Rg2 Rd3+ 41. Ke2 Rd7 42. Ke1 Rd3 43. Ke2 1/2-1/2

[Event "SVK-chT 2122"]
[Site "Slovakia"]
[Date "2022.06.10"]
[Round "9.4"]
[White "Turcan, Richard"]
[Black "Mikrut, Dariusz"]
[Result "0-1"]
[WhiteElo "2263"]
[BlackElo "2379"]
[PlyCount "138"]
[EventDate "2021.10.23"]
[EventType "team-tourn"]
[EventRounds "11"]
[EventCountry "SVK"]
[SourceTitle "EXT 2023"]
[Source "ChessBase"]
[SourceDate "2022.10.05"]
[SourceVersion "1"]
[SourceVersionDate "2022.10.05"]
[SourceQuality "1"]
[WhiteTeam "Liptov Chess School"]
[BlackTeam "Prakovce"]
[WhiteTeamCountry "SVK"]
[BlackTeamCountry "SVK"]

1. e4 c5 2. Nf3 d6 3. d4 cxd4 4. Nxd4 Nf6 5. Nc3 a6 6. h3 e5 7. Nde2 b5 8. g4 b4 9. Nd5 Nxd5 10. exd5 Be7 11. Bg2 Bg5 12. Ng3 0-0 13. 0-0 a5 14. a3 Na6 15. axb4 axb4 16. f4 Bxf4 17. Bxf4 exf4 18. Rxf4 Rb8 19. Qd2 b3 20. c3 Nc5 21. Raf1 Rb7 22. Be4 Re7 23. Bb1 Re5 24. Ne4 Nxe4 25. Rxe4 Rfe8 26. Rfe1 Qh4 27. Rxe5 Rxe5 28. Rxe5 Qg3+ 29. Qg2 Qxe5 30. Be4 g6 31. Qf3 Kg7 32. Kg2 Bb7 33. Qd3 h6 34. Bf3 Qf4 35. Qd1 Ba6 36. Kf2 Bc4 37. Qd4+ Qxd4+ 38. cxd4 Bd3 39. Bd1 Bc2 40. Bf3 f5 41. gxf5 Bxf5 42. h4 Kf6 43. Ke3 Bc2 44. Bg4 h5 45. Bd7 g5 46. hxg5+ Kxg5 47. Kf3 Bd1+ 48. Kg3 Bg4 49. Ba4 Bd1 50. Bd7 h4+ 51. Kg2 Be2 52. Ba4 Bc4 53. Bc6 Kg4 54. Kh2 Bd3 55. Kg2 Be4+ 56. Kh2 Bf5 57. Ba4 Bc2 58. Bc6 Bd3 59. Ba4 Bc4 60. Bc6 Kf4 61. Kh3 Kg5 62. Kg2 Kf4 63. Kh3 Ke4 64. Kxh4 Bxd5 65. Ba4 Kxd4 66. Kg5 Bc4 67. Kf6 Kd3 68. Ke7 d5 69. Kd6 Kc2 0-1

[Event "Przeworsk"]
[Site "Przeworsk"]
[Date "2022.06.04"]
[Round "8"]
[White "Baum, Jonasz"]
[Black "Mikrut, Dariusz"]
[Result "1-0"]
[WhiteElo "2409"]
[BlackElo "2361"]
[PlyCount "107"]
[EventDate "2022.05.30"]
[EventType "tourn"]
[EventRounds "9"]
[EventCountry "POL"]
[EventCategory "8"]
[SourceTitle "CBM 208 Extra"]
[Source "ChessBase"]
[SourceDate "2022.07.31"]
[SourceVersion "1"]
[SourceVersionDate "2022.07.31"]
[SourceQuality "1"]

1. d4 Nf6 2. c4 g6 3. Nc3 Bg7 4. e4 d6 5. f3 0-0 6. Nge2 c5 7. d5 e6 8. Ng3 h5 9. Bg5 exd5 10. cxd5 a6 11. a4 Qb6 12. Qd2 Nh7 13. a5 Qc7 14. Bh4 f6 15. e5 fxe5 16. Nge4 Rf4 17. Bg3 Rf7 18. Na4 Nd7 19. b4 Nhf6 20. Bd3 cxb4 21. 0-0 Nxe4 22. Bxe4 Nf8 23. Nb6 Rb8 24. Rac1 Qd8 25. Qxb4 Bf5 26. Nc4 Rd7 27. Nb6 Rc7 28. Bh4 Qxh4 29. Rxc7 Bh6 30. Qe1 Qd8 31. Rc2 Bf4 32. Bxf5 gxf5 33. g3 Bh6 34. f4 e4 35. Qc3 Bg7 36. Qc7 Bd4+ 37. Kh1 Qe8 38. Qc4 Bc5 39. Na4 Nd7 40. Rb1 Qd8 41. Qc3 Kf7 42. Rcb2 Qc7 43. Rb3 Kg6 44. Kg2 Kf7 45. h3 Kg6 46. g4 hxg4 47. hxg4 fxg4 48. f5+ Kf7 49. Rh1 Rf8 50. Rh7+ Ke8 51. Qg7 Kd8 52. Rh8 Rxh8 53. Qxh8+ Ke7 54. f6+ 1-0

[Event "Przeworsk"]
[Site "Przeworsk"]
[Date "2022.06.03"]
[Round "7"]
[White "Mikrut, Dariusz"]
[Black "Licznerski, Lukasz"]
[Result "0-1"]
[WhiteElo "2361"]
[BlackElo "2439"]
[PlyCount "58"]
[EventDate "2022.05.30"]
[EventType "tourn"]
[EventRounds "9"]
[EventCountry "POL"]
[EventCategory "8"]
[SourceTitle "CBM 208 Extra"]
[Source "ChessBase"]
[SourceDate "2022.07.31"]
[SourceVersion "1"]
[SourceVersionDate "2022.07.31"]
[SourceQuality "1"]

1. d4 Nf6 2. c4 g6 3. Nc3 d5 4. Nf3 Bg7 5. Qb3 dxc4 6. Qxc4 0-0 7. e4 Nfd7 8. Be3 Nb6 9. Qb3 Nc6 10. 0-0-0 a5 11. d5 a4 12. Qa3 Ne5 13. Nxe5 Bxe5 14. Nb5 Bd7 15. f4 Bg7 16. Qc5 Bg4 17. Rd2 a3 18. b3 Nd7 19. Qc4 c6 20. dxc6 bxc6 21. Nd4 Rc8 22. h3 c5 23. Nc6 Rxc6 24. hxg4 Qc7 25. Qc2 Bd4 26. Rh3 Bxe3 27. Rxe3 Qxf4 28. Rf3 Qg5 29. Bb5 Rd6 0-1

[Event "Przeworsk"]
[Site "Przeworsk"]
[Date "2022.06.01"]
[Round "4"]
[White "Mis, Mieszko"]
[Black "Mikrut, Dariusz"]
[Result "1-0"]
[WhiteElo "2388"]
[BlackElo "2361"]
[PlyCount "87"]
[EventDate "2022.05.30"]
[EventType "tourn"]
[EventRounds "9"]
[EventCountry "POL"]
[EventCategory "8"]
[SourceTitle "CBM 208 Extra"]
[Source "ChessBase"]
[SourceDate "2022.07.31"]
[SourceVersion "1"]
[SourceVersionDate "2022.07.31"]
[SourceQuality "1"]

1. e4 e5 2. Nf3 Nc6 3. d4 exd4 4. Nxd4 Nf6 5. Nc3 d6 6. Bb5 Bd7 7. 0-0 Nxd4 8. Bxd7+ Qxd7 9. Qxd4 Be7 10. Rd1 Qe6 11. Nd5 Nxd5 12. exd5 Qf5 13. Re1 Kf8 14. Qc4 Qd7 15. Be3 Bf6 16. Bd4 Bxd4 17. Qxd4 h5 18. Re4 Rh6 19. Rae1 Rf6 20. Qe3 Kg8 21. Re8+ Rxe8 22. Qxe8+ Qxe8 23. Rxe8+ Kh7 24. Re7 Rf5 25. Rxc7 Rxd5 26. Kf1 Rb5 27. b3 Kg6 28. Ke2 Kf6 29. c4 Re5+ 30. Kd3 Re7 31. Rxe7 Kxe7 32. Kd4 Ke6 33. b4 Ke7 34. Ke4 Ke6 35. h4 Kf6 36. a4 Ke6 37. a5 Kf6 38. Kd5 Ke7 39. a6 bxa6 40. Kc6 Ke6 41. Kb7 a5 42. bxa5 Kd7 43. Kxa7 Kc7 44. g3 1-0